000 01134cam a2200277 a 4500
001 000017557
005 20240529124642.0
008 760512r19731973bl 000 1 por d
040 _aDO-SdBNP
_bpor
_cLC
_dBNPHU
082 _a869.3
_bA368ó
100 1 _aAlencar, José Martiniano de,
_d1829-1877.
_921973
245 1 2 _aO tronco do ipê :
_bromance brasileiro /
_cSenio (José de Alencar) ; determinación del texto, introducción, notas e índices, la preparación de documentos y la revisión Maximiano de Carvalho e Silva ; colaboración Aluisio Costa Goncalves, Noêmia Leite Costa y Marlene Mendes Veloso.
250 _a15a ed.
260 _a[Sao Paulo], (Brasil) :
_bMelhoramentos,
_c[1973].
300 _a289 p. ;
_c20 cm.
490 1 _aPanorama
650 0 _aNovela brasileña
_913650
650 4 _aLiteratura brasileña
_9823
700 1 _aCarvalho e Silva, Maximiniano de,
_eintr.
_938304
700 1 _aCosta Golçalves, Aluisio.
_938305
700 1 _aLeite Costa, Noêmia.
_938306
700 1 _aMendes Veloso, Marlene.
_938307
830 0 _aPanorama
_920255
910 _aCatalogación derivada / LC
049 _aBNGR
999 _c17082
_d17082